[Event "DEM U16 2008"]
[Site "Willingen GER"]
[Date "2008.05.15"]
[Round "7"]
[White "Eibl, Maximilian"]
[Black "Jussupow, Alexander"]
[Result "0-1"]
[Termination "normal"]
[Board "10"]
[WhiteElo "2001"]
[BlackElo "2040"]
[PlyCount "102"]
[WhiteFideId "24620092"]
[BlackFideId "24613509"]
[EventCountry "GER"]
[EventRounds "9"]
[EventType "swiss"]
[EventDate "2008.05.10"]

1. e4 e6 2. d4 d5 3. Nc3 Bb4 4. e5 c5 5. a3 Bxc3+ 6. bxc3 Ne7 7. Qg4 Kf8 8. h4
Qa5 9. Bd2 Qa4 10. Rh3 Nbc6 11. h5 h6 12. Qf4 Bd7 13. Rf3 Be8 14. Kd1 cxd4 15.
Ne2 Rc8 16. cxd4 Nf5 17. Bc3 Nfe7 18. g4 b6 19. Bh3 Nd8 20. g5 hxg5 21. Qxg5
Bb5 22. Rc1 Rh7 23. Nf4 Rxc3 24. Ng6+ Nxg6 25. Qxd8+ Be8 26. Rxc3 Rxh5 27. Qd6+
Kg8 28. Qb4 Rh4 29. Qxa4 Bxa4 30. Re3 Rxd4+ 31. Ke1 Re4 32. Rxe4 dxe4 33. Bg2
Bc6 34. Rd1 Nxe5 35. Rd8+ Kh7 36. Ke2 Kg6 37. Rd4 f5 38. Rd6 Kf6 39. Rd4 Bd5
40. a4 Nc6 41. Rd1 Ke5 42. c3 g5 43. Rc1 Bc4+ 44. Kd2 f4 45. Bf1 Na5 46. Bxc4
Nxc4+ 47. Ke1 f3 48. Rb1 a5 49. Rb3 Kf4 50. Rb5 e3 51. fxe3+ Kxe3 0-1

[Event "DEM U16 2008"]
[Site "Willingen GER"]
[Date "2008.05.15"]
[Round "7"]
[White "Hobusch, Alexander"]
[Black "Schneider, Jens"]
[Result "0-1"]
[Termination "normal"]
[Board "11"]
[WhiteElo "2034"]
[BlackElo "1796"]
[PlyCount "52"]
[WhiteFideId "24611387"]
[BlackFideId "24685771"]
[EventCountry "GER"]
[EventRounds "9"]
[EventType "swiss"]
[EventDate "2008.05.10"]

1. d4 d5 2. Nf3 c6 3. c4 e6 4. e3 Bd6 5. Nbd2 f5 6. g3 Nf6 7. Bg2 O-O 8. O-O
Ne4 9. Nxe4 fxe4 10. Nd2 Qg5 11. Qe2 b6 12. f3 Qh5 13. Qd1 Qh6 14. Qe1 exf3 15.
Rxf3 Na6 16. e4 Qg6 17. Rxf8+ Bxf8 18. exd5 exd5 19. cxd5 Nb4 20. dxc6 Ba6 21.
Be4 Re8 22. Qf2 Rxe4 23. Nxe4 Qxe4 24. Bd2 Qxc6 25. Qg2 Qd7 26. Bc3 Bb7 0-1

[Event "DEM U16 2008"]
[Site "Willingen GER"]
[Date "2008.05.15"]
[Round "7"]
[White "Löhrke, Michael"]
[Black "Völsgen, Georg"]
[Result "0-1"]
[Termination "normal"]
[Board "12"]
[WhiteElo "1832"]
[BlackElo "1884"]
[PlyCount "25"]
[BlackFideId "24635901"]
[EventCountry "GER"]
[EventRounds "9"]
[EventType "swiss"]
[EventDate "2008.05.10"]

1. d4 Nf6 2. Nf3 g6 3. Bg5 Bg7 4. Nbd2 d6 5. e4 O-O 6. Bc4 c5 7. c3 Qc7 8. O-O
Nc6 9. d5 Na5 10. Qe2 Nxc4 11. Qxc4 Bd7 12. a4 a6 13. a5 0-1

[Event "DEM U16 2008"]
[Site "Willingen GER"]
[Date "2008.05.15"]
[Round "7"]
[White "Schiffner, Kevin"]
[Black "Müller, Denis"]
[Result "0-1"]
[Termination "normal"]
[Board "13"]
[WhiteElo "1928"]
[BlackElo "1915"]
[PlyCount "52"]
[WhiteFideId "24674940"]
[BlackFideId "4696140"]
[EventCountry "GER"]
[EventRounds "9"]
[EventType "swiss"]
[EventDate "2008.05.10"]

1. d4 Nf6 2. c4 g6 3. Nc3 Bg7 4. e4 d6 5. f3 O-O 6. Be3 e5 7. d5 c6 8. Qd2 cxd5
9. cxd5 a6 10. Bh6 Nxe4 11. Nxe4 Qh4+ 12. g3 Qxh6 13. Qxh6 Bxh6 14. Nxd6 Rd8
15. Nxc8 Rxc8 16. Ne2 Rc2 17. Rb1 Nd7 18. Nc3 Rc8 19. f4 exf4 20. Bd3 Re8+ 21.
Kd1 Rg2 22. Ne4 f3 23. Bf1 Rxe4 24. Bxg2 fxg2 25. Rg1 Rd4+ 26. Ke1 Rd2 0-1

[Event "DEM U16 2008"]
[Site "Willingen GER"]
[Date "2008.05.15"]
[Round "7"]
[White "Dupont, Gabriel"]
[Black "Wolff, Christoph"]
[Result "1-0"]
[Termination "normal"]
[Board "14"]
[WhiteElo "1888"]
[BlackElo "1709"]
[PlyCount "131"]
[WhiteFideId "4634802"]
[BlackFideId "24659495"]
[EventCountry "GER"]
[EventRounds "9"]
[EventType "swiss"]
[EventDate "2008.05.10"]

1. d4 d5 2. c4 e6 3. Nc3 Nf6 4. Bg5 Be7 5. e3 c6 6. Nf3 O-O 7. Bd3 Nbd7 8. O-O
h6 9. Bh4 dxc4 10. Bxc4 b5 11. Bd3 a6 12. Rc1 c5 13. Qe2 c4 14. Bc2 Bb7 15. Bg3
Nh5 16. Rfd1 Nxg3 17. hxg3 Nb6 18. e4 Qc7 19. d5 exd5 20. Nxd5 Nxd5 21. exd5
Rad8 22. Qe4 g6 23. Ne5 Bf6 24. Ng4 Bg7 25. Rb1 Rd6 26. Ne3 Rfd8 27. b3 c3 28.
b4 f5 29. Qf3 Kh7 30. g4 fxg4 31. Qxg4 Qf7 32. Bb3 Rf8 33. Qg3 Qe7 34. Re1 Re8
35. Nc2 Be5 36. f4 Bxd5 37. fxe5 Rdd8 38. Bxd5 Rxd5 39. Qxc3 Rxe5 40. Rxe5 Qxe5
41. Qxe5 Rxe5 42. Re1 Rd5 43. Kf2 Kg7 44. Re2 Kf6 45. Ke1 h5 46. Re4 Kf5 47.
Re8 Rd3 48. Ke2 Rc3 49. Ne3+ Kg5 50. Re5+ Kh6 51. Rc5 Ra3 52. Rc2 h4 53. Nd5 g5
54. Nc7 Kh5 55. Kf2 Kg4 56. Nd5 h3 57. gxh3+ Kxh3 58. Rc3+ Rxc3 59. Nxc3 Kg4
60. Nd5 Kf5 61. Nc7 Ke5 62. Nxa6 Kd6 63. Kg3 Kd5 64. Kg4 Kc4 65. Kxg5 Kc3 66.
Kf5 1-0

[Event "DEM U16 2008"]
[Site "Willingen GER"]
[Date "2008.05.16"]
[Round "8"]
[White "Jorczik, Julian"]
[Black "Friedrich, Ricardo"]
[Result "1-0"]
[Termination "normal"]
[Board "1"]
[WhiteTitle "FM"]
[WhiteElo "2339"]
[BlackElo "1914"]
[PlyCount "43"]
[WhiteFideId "24611719"]
[BlackFideId "24667170"]
[EventCountry "GER"]
[EventRounds "9"]
[EventType "swiss"]
[EventDate "2008.05.10"]

1. d4 d5 2. c4 e5 3. dxe5 d4 4. Nf3 Nc6 5. g3 Nge7 6. Bg2 Ng6 7. Bg5 Bb4+ 8.
Nbd2 Be7 9. Bxe7 Qxe7 10. Nb3 Qb4+ 11. Qd2 Qxc4 12. Nbxd4 Ngxe5 13. Nxe5 Nxe5
14. O-O O-O 15. Rfc1 Qa4 16. Rxc7 Rd8 17. e3 Rb8 18. Qc3 Qa6 19. f4 Ng4 20. Rc1
Be6 21. Bxb7 Qxa2 22. Nc6 1-0

[Event "DEM U16 2008"]
[Site "Willingen GER"]
[Date "2008.05.16"]
[Round "8"]
[White "Kachibadze, Georg"]
[Black "Heimann, Andreas"]
[Result "0-1"]
[Termination "normal"]
[Board "2"]
[WhiteElo "2098"]
[BlackElo "2390"]
[PlyCount "107"]
[WhiteFideId "24640794"]
[BlackFideId "24624632"]
[EventCountry "GER"]
[EventRounds "9"]
[EventType "swiss"]
[EventDate "2008.05.10"]

1. e4 c5 2. Nf3 e6 3. d4 cxd4 4. Nxd4 a6 5. Nc3 Qc7 6. Bd3 Nc6 7. Nxc6 bxc6 8.
O-O Nf6 9. f4 d5 10. e5 Nd7 11. Na4 Nc5 12. c4 Nxa4 13. Qxa4 Bd7 14. Qc2 Qb6+
15. Kh1 g6 16. Bd2 Bb4 17. Bxb4 Qxb4 18. a3 Qe7 19. b4 O-O 20. c5 a5 21. b5
cxb5 22. c6 Rfc8 23. Bxb5 Bxc6 24. Bxc6 Ra6 25. Rfc1 Rcxc6 26. Qxc6 Rxc6 27.
Rxc6 Qa7 28. Rcc1 Qe3 29. Rf1 Qc3 30. Rfc1 Qd4 31. Rf1 g5 32. Rad1 Qb2 33. fxg5
Qxa3 34. Rf3 Qc5 35. Rdf1 Qc7 36. Rf4 Qd7 37. Ra1 Qa7 38. Rfa4 Qe3 39. Rxa5
Qxe5 40. Ra7 Qxg5 41. Rf1 Qg6 42. Ra3 Kf8 43. Rg3 Qc2 44. Rgf3 Qc7 45. Rh3 Qc4
46. Rhf3 f5 47. Rf4 Qc6 48. g4 d4+ 49. Kg1 d3 50. gxf5 e5 51. Rh4 Qc5+ 52. Kg2
Qc2+ 53. Rf2 d2 54. Rxh7 0-1

[Event "DEM U16 2008"]
[Site "Willingen GER"]
[Date "2008.05.16"]
[Round "8"]
[White "Geske, Julian"]
[Black "Strunski, Andreas"]
[Result "1-0"]
[Termination "normal"]
[Board "3"]
[WhiteElo "2206"]
[BlackElo "2271"]
[PlyCount "147"]
[WhiteFideId "24605263"]
[BlackFideId "24606073"]
[EventCountry "GER"]
[EventRounds "9"]
[EventType "swiss"]
[EventDate "2008.05.10"]

1. e4 c5 2. Nf3 e6 3. d4 cxd4 4. Nxd4 a6 5. Nc3 Qc7 6. g3 Nf6 7. Bg2 Nc6 8. O-O
Bc5 9. Nxc6 dxc6 10. Na4 Ba7 11. c4 Nd7 12. b4 a5 13. a3 b5 14. Nb2 axb4 15.
cxb5 cxb5 16. Nd3 O-O 17. Nxb4 Bb7 18. Bb2 Ne5 19. Qh5 f5 20. Qe2 Nc4 21. Rac1
fxe4 22. Bxe4 Bxe4 23. Qxe4 Qb6 24. Rc2 Rad8 25. Nc6 Rd6 26. Rxc4 bxc4 27. Qe5
Qc7 28. Nxa7 Rf5 29. Nb5 Rxe5 30. Nxc7 Rc5 31. Ne8 Rd2 32. Bc3 Rd3 33. Rc1 e5
34. Bb4 Rc6 35. Nd6 c3 36. Kf1 c2 37. Ke2 Rd4 38. Nf5 Rd1 39. Rxd1 cxd1=Q+ 40.
Kxd1 Rf6 41. Ne7+ Kf7 42. Ke2 g5 43. a4 Rb6 44. Nd5 Rb8 45. Bd2 Ke6 46. Nb4 Ra8
47. Bxg5 Rxa4 48. Nd3 Kf5 49. Bc1 Ra2+ 50. Ke3 h5 51. h3 Rc2 52. f3 Rh2 53. g4+
hxg4 54. hxg4+ Ke6 55. Bb2 e4 56. Kxe4 Re2+ 57. Kf4 Rd2 58. Ke3 Rd1 59. Nf4+
Kf7 60. g5 Re1+ 61. Kf2 Rd1 62. g6+ Kg8 63. Be5 Rb1 64. g7 Rb5 65. Nd3 Ra5 66.
f4 Ra4 67. Ke3 Kf7 68. Nc5 Rc4 69. Ne4 Ra4 70. Nd6+ Kg8 71. Nf5 Ra3+ 72. Ke4
Ra4+ 73. Bd4 Kh7 74. Ne7 1-0

[Event "DEM U16 2008"]
[Site "Willingen GER"]
[Date "2008.05.16"]
[Round "8"]
[White "Graf, Felix"]
[Black "Kaphle, Stephan"]
[Result "1-0"]
[Termination "normal"]
[Board "4"]
[WhiteElo "2225"]
[BlackElo "2136"]
[PlyCount "69"]
[WhiteFideId "24608904"]
[BlackFideId "24629103"]
[EventCountry "GER"]
[EventRounds "9"]
[EventType "swiss"]
[EventDate "2008.05.10"]

1. e4 c5 2. Nf3 Nc6 3. Nc3 g6 4. d4 cxd4 5. Nxd4 Bg7 6. Be3 Nf6 7. Be2 O-O 8.
Nb3 d6 9. O-O a6 10. f4 b5 11. Bf3 Qc7 12. Qd2 Bb7 13. Nd5 Nxd5 14. exd5 Nb8
15. c3 Nd7 16. Qf2 Rac8 17. Rad1 a5 18. Nd4 Qc4 19. Nc6 Bxc6 20. dxc6 Nf6 21.
b3 Qe6 22. Bb6 Ne4 23. Qe3 d5 24. c4 bxc4 25. bxc4 Nc3 26. Qxe6 fxe6 27. c7
Nxd1 28. Bxd1 Bd4+ 29. Bxd4 Rxc7 30. c5 Rfc8 31. Bg4 Kf7 32. Re1 Rc6 33. Rb1
R8c7 34. Rb5 Ra6 35. a4 1-0

[Event "DEM U16 2008"]
[Site "Willingen GER"]
[Date "2008.05.16"]
[Round "8"]
[White "Hirneise, Jens"]
[Black "Tkachuk, Konstantyn"]
[Result "0-1"]
[Termination "normal"]
[Board "5"]
[WhiteElo "2202"]
[BlackElo "2145"]
[PlyCount "110"]
[WhiteFideId "24614734"]
[BlackFideId "24647330"]
[EventCountry "GER"]
[EventRounds "9"]
[EventType "swiss"]
[EventDate "2008.05.10"]

1. e4 c5 2. Nf3 d6 3. d4 cxd4 4. Nxd4 Nf6 5. Nc3 g6 6. Be3 Bg7 7. f3 O-O 8. Qd2
Nc6 9. Bc4 Bd7 10. Bb3 Rc8 11. O-O-O Ne5 12. Kb1 Re8 13. h4 h5 14. Bh6 Nc4 15.
Bxc4 Rxc4 16. Bxg7 Kxg7 17. Nd5 e5 18. Nxf6 Qxf6 19. Nb3 Rc6 20. Qf2 b6 21. Rd2
Be6 22. Rhd1 Qe7 23. Nc1 b5 24. Nd3 a5 25. b3 Qc7 26. Rg1 Qb6 27. Qxb6 Rxb6 28.
Rgd1 Kf6 29. Nb2 Ke7 30. a4 b4 31. Re1 f5 32. Nd1 f4 33. Nf2 g5 34. Nh3 g4 35.
Ng5 Bg8 36. Rd3 Rc8 37. Red1 Rd8 38. R1d2 Rb7 39. Kb2 Rbd7 40. Kc1 d5 41. Re2
dxe4 42. Rxd7+ Rxd7 43. Nxe4 Rc7 44. Kb2 Bd5 45. fxg4 hxg4 46. Nf2 g3 47. Rxe5+
Kd6 48. Nd3 Bxg2 49. Rg5 Rf7 50. Ne5 Rf8 51. Nc4+ Kd7 52. h5 Be4 53. Nd2 Bc6
54. Nc4 Ke7 55. Ne5 Kf6 0-1

[Event "DEM U16 2008"]
[Site "Willingen GER"]
[Date "2008.05.16"]
[Round "8"]
[White "Mazarov, Jürgen"]
[Black "Nuber, Blasius"]
[Result "1/2-1/2"]
[Termination "normal"]
[Board "7"]
[WhiteElo "2161"]
[BlackElo "2093"]
[PlyCount "93"]
[WhiteFideId "24617768"]
[BlackFideId "24620289"]
[EventCountry "GER"]
[EventRounds "9"]
[EventType "swiss"]
[EventDate "2008.05.10"]

1. e4 e5 2. Nf3 Nc6 3. Bb5 a6 4. Ba4 Nf6 5. d3 b5 6. Bb3 Be7 7. Nbd2 O-O 8. Nf1
d5 9. exd5 Nxd5 10. Ng3 Bf6 11. O-O Bb7 12. Re1 Re8 13. Nh5 Na5 14. Bd2 Nxb3
15. axb3 c5 16. Nxf6+ Qxf6 17. Ng5 h6 18. Ne4 Qc6 19. f3 Rad8 20. Qe2 f5 21.
Ng3 Bc8 22. Qf2 Re7 23. Re2 Rde8 24. Rae1 Qc7 25. Nf1 f4 26. c4 bxc4 27. bxc4
Nf6 28. Bc3 Bf5 29. Rd1 Nd7 30. b4 Rb8 31. Rb2 Ree8 32. bxc5 Rxb2 33. Qxb2 Nxc5
34. d4 Nd3 35. Qa2 exd4 36. Bxd4 Rd8 37. c5+ Qf7 38. Qxf7+ Kxf7 39. Be5 Rd5 40.
Bd6 Ke6 41. Ra1 Nb4 42. Bxf4 Rxc5 43. Nd2 Bc2 44. Ne4 Bxe4 45. fxe4 a5 46. Be3
Rb5 47. Bd2 1/2-1/2

[Event "DEM U16 2008"]
[Site "Willingen GER"]
[Date "2008.05.16"]
[Round "8"]
[White "Zelbel, Patrick"]
[Black "Jussupow, Alexander"]
[Result "1-0"]
[Termination "normal"]
[Board "8"]
[WhiteElo "2246"]
[BlackElo "2040"]
[PlyCount "79"]
[WhiteFideId "24624322"]
[BlackFideId "24613509"]
[EventCountry "GER"]
[EventRounds "9"]
[EventType "swiss"]
[EventDate "2008.05.10"]

1. e4 e6 2. d4 d5 3. Nd2 c5 4. exd5 Qxd5 5. Ngf3 cxd4 6. Bc4 Qd6 7. O-O Nf6 8.
Nb3 Nc6 9. Nbxd4 Nxd4 10. Nxd4 a6 11. Re1 Qc7 12. Qe2 Bd7 13. Bg5 O-O-O 14.
Rad1 Bd6 15. Bxa6 Bb4 16. Rd3 Bxe1 17. Rb3 Bc6 18. Nxc6 Qxc6 19. Bxb7+ Qxb7 20.
Rxb7 Kxb7 21. Qxe1 Rd5 22. Bxf6 gxf6 23. Qb4+ Kc6 24. g3 Rhd8 25. Qe4 f5 26.
Qa4+ Kb7 27. c4 Rd2 28. Qb5+ Kc7 29. Qa5+ Kc8 30. b4 Rb2 31. Qc5+ Kb7 32. Qe7+
Kc8 33. b5 Rd1+ 34. Kg2 Rdd2 35. Qe8+ Kc7 36. Qxf7+ Kd6 37. Qf8+ Ke5 38. Qc5+
Kf6 39. a4 Ra2 40. b6 1-0

[Event "DEM U16 2008"]
[Site "Willingen GER"]
[Date "2008.05.16"]
[Round "8"]
[White "Schneider, Jens"]
[Black "Marx, Joschka"]
[Result "1-0"]
[Termination "normal"]
[Board "9"]
[WhiteElo "1796"]
[BlackElo "1930"]
[PlyCount "49"]
[WhiteFideId "24685771"]
[BlackFideId "24645869"]
[EventCountry "GER"]
[EventRounds "9"]
[EventType "swiss"]
[EventDate "2008.05.10"]

1. e4 c5 2. c3 Nf6 3. e5 Nd5 4. d4 cxd4 5. Nf3 e6 6. cxd4 d6 7. a3 Bd7 8. Bd3
Bc6 9. O-O Nd7 10. Qe2 Qc7 11. Re1 Rc8 12. Bd2 a6 13. Nc3 Nxc3 14. Bxc3 Be7 15.
Rac1 O-O 16. exd6 Bxd6 17. d5 exd5 18. Bxh7+ Kxh7 19. Qd3+ f5 20. Ng5+ Kg6 21.
Ne6 Bxh2+ 22. Kh1 Qd6 23. Nxg7 Nf6 24. Nxf5 Bb5 25. Ne7+ 1-0

[Event "DEM U16 2008"]
[Site "Willingen GER"]
[Date "2008.05.16"]
[Round "8"]
[White "Tiemann, Christoph"]
[Black "Völsgen, Georg"]
[Result "1-0"]
[Termination "normal"]
[Board "10"]
[WhiteElo "2077"]
[BlackElo "1884"]
[PlyCount "63"]
[WhiteFideId "24676900"]
[BlackFideId "24635901"]
[EventCountry "GER"]
[EventRounds "9"]
[EventType "swiss"]
[EventDate "2008.05.10"]

1. d4 d5 2. c4 e6 3. Nc3 Be7 4. cxd5 exd5 5. Bf4 c6 6. Qc2 Nf6 7. e3 Nbd7 8.
Bd3 b6 9. Nf3 Bb7 10. h3 O-O 11. Ng5 g6 12. h4 Nh5 13. Bh2 Bxg5 14. hxg5 Qxg5
15. O-O-O c5 16. g4 Ng7 17. Bf4 Qf6 18. Bh6 c4 19. Bf1 Bc6 20. f4 Rfe8 21. Qh2
Nf8 22. Re1 b5 23. Bh3 b4 24. Nd1 Ba4 25. Nf2 Qd6 26. g5 b3 27. a3 c3 28. Ng4
Rec8 29. Nf6+ Kh8 30. Bxc8 Rxc8 31. Bxg7+ Kxg7 32. Qh6+ 1-0

[Event "DEM U16 2008"]
[Site "Willingen GER"]
[Date "2008.05.16"]
[Round "8"]
[White "Borgmeyer, Max"]
[Black "Eibl, Maximilian"]
[Result "1-0"]
[Termination "normal"]
[Board "11"]
[WhiteElo "2040"]
[BlackElo "2001"]
[PlyCount "65"]
[WhiteFideId "24615870"]
[BlackFideId "24620092"]
[EventCountry "GER"]
[EventRounds "9"]
[EventType "swiss"]
[EventDate "2008.05.10"]

1. e4 c5 2. Nf3 d6 3. d4 cxd4 4. Nxd4 Nf6 5. Nc3 a6 6. Be3 e6 7. g4 h6 8. f3 b5
9. Qd2 b4 10. Nce2 e5 11. Nf5 d5 12. exd5 Qxd5 13. Qxd5 Nxd5 14. Bf2 g6 15.
Nfg3 Bb7 16. Bg2 Nf6 17. O-O Nbd7 18. Rfd1 Rc8 19. c3 bxc3 20. Nxc3 Bc5 21.
Bxc5 Nxc5 22. Rd6 Ke7 23. Rb6 Rhd8 24. Nge4 Bxe4 25. fxe4 Rd2 26. Rf1 Nxg4 27.
Nd5+ Ke8 28. h3 Rxd5 29. exd5 Ne3 30. Rc1 Ke7 31. Rc6 Rxc6 32. dxc6 Nd3 33. c7
1-0

[Event "DEM U16 2008"]
[Site "Willingen GER"]
[Date "2008.05.16"]
[Round "8"]
[White "Wolff, Christoph"]
[Black "Hobusch, Alexander"]
[Result "0-1"]
[Termination "normal"]
[Board "12"]
[WhiteElo "1709"]
[BlackElo "2034"]
[PlyCount "56"]
[WhiteFideId "24659495"]
[BlackFideId "24611387"]
[EventCountry "GER"]
[EventRounds "9"]
[EventType "swiss"]
[EventDate "2008.05.10"]

1. e4 e6 2. d4 d5 3. e5 c5 4. c3 Nc6 5. Nf3 Bd7 6. a3 f6 7. exf6 Nxf6 8. Bf4
cxd4 9. cxd4 Qb6 10. b4 Rc8 11. Be2 Be7 12. O-O O-O 13. b5 Na5 14. a4 Ne4 15.
Be5 a6 16. bxa6 bxa6 17. Nfd2 Qb2 18. Nxe4 Qxa1 19. Ng3 Qxa4 20. Qd2 Qb4 21.
Qe3 Qb3 22. Qd2 Nc6 23. Bxa6 Nxe5 24. dxe5 Rc2 25. Qd1 Bc5 26. Nd2 Qa2 27. Nf3
Rxf2 28. Rxf2 Bxf2+ 0-1

[Event "DEM U16 2008"]
[Site "Willingen GER"]
[Date "2008.05.16"]
[Round "8"]
[White "Müller, Denis"]
[Black "Löhrke, Michael"]
[Result "1/2-1/2"]
[Termination "normal"]
[Board "13"]
[WhiteElo "1915"]
[BlackElo "1832"]
[PlyCount "57"]
[WhiteFideId "4696140"]
[EventCountry "GER"]
[EventRounds "9"]
[EventType "swiss"]
[EventDate "2008.05.10"]

1. e4 e6 2. d3 d5 3. Nd2 Nf6 4. Ngf3 dxe4 5. dxe4 b6 6. Bb5+ c6 7. Bc4 Ba6 8.
Qe2 Qc8 9. O-O Be7 10. Rd1 O-O 11. b3 Rd8 12. Bb2 Qb7 13. Ne5 Bxc4 14. Ndxc4
Nbd7 15. Nd6 Bxd6 16. Rxd6 Nxe5 17. Rxd8+ Rxd8 18. Bxe5 Qd7 19. Bc3 c5 20. Kf1
Kf8 21. Ke1 Ke7 22. f3 Qc7 23. g3 e5 24. Rd1 Rxd1+ 25. Qxd1 Qd6 26. Qxd6+ Kxd6
27. f4 Nd7 28. Ke2 f6 29. f5 1/2-1/2

[Event "DEM U16 2008"]
[Site "Willingen GER"]
[Date "2008.05.16"]
[Round "8"]
[White "Dupont, Gabriel"]
[Black "Schiffner, Kevin"]
[Result "0-1"]
[Termination "normal"]
[Board "14"]
[WhiteElo "1888"]
[BlackElo "1928"]
[PlyCount "58"]
[WhiteFideId "4634802"]
[BlackFideId "24674940"]
[EventCountry "GER"]
[EventRounds "9"]
[EventType "swiss"]
[EventDate "2008.05.10"]

1. d4 Nf6 2. c4 g6 3. Nc3 Bg7 4. Nf3 d6 5. e4 O-O 6. Be2 e5 7. O-O Nbd7 8. Be3
c6 9. Qc2 Nh5 10. Rfd1 Nf4 11. Bf1 Qc7 12. b4 Nf6 13. c5 N6h5 14. d5 cxd5 15.
cxd6 Qd8 16. Nxd5 Nxd5 17. Rxd5 Be6 18. Rdd1 b6 19. Ba6 Nf4 20. d7 Bxd7 21. Bb5
Qc8 22. Qxc8 Bxc8 23. g3 Bg4 24. gxf4 Bxf3 25. Rd2 exf4 26. Bd4 Rfd8 27. Bc6
Rac8 28. Bd5 Bxd4 29. Rxd4 Kg7 0-1

[Event "DEM U16 2008"]
[Site "Willingen GER"]
[Date "2008.05.17"]
[Round "9"]
[White "Graf, Felix"]
[Black "Jorczik, Julian"]
[Result "1-0"]
[Termination "normal"]
[Board "1"]
[BlackTitle "FM"]
[WhiteElo "2225"]
[BlackElo "2339"]
[PlyCount "91"]
[WhiteFideId "24608904"]
[BlackFideId "24611719"]
[EventCountry "GER"]
[EventRounds "9"]
[EventType "swiss"]
[EventDate "2008.05.10"]

1. d4 Nf6 2. c4 g6 3. Nc3 Bg7 4. e4 d6 5. f3 O-O 6. Be3 a6 7. Nge2 Nbd7 8. d5
Ne5 9. Ng3 c6 10. a4 cxd5 11. cxd5 e6 12. Be2 exd5 13. exd5 Re8 14. Qd2 Qe7 15.
Kf2 h5 16. Rhe1 h4 17. Nf1 Nh7 18. h3 Bf5 19. a5 Rac8 20. Ra4 Nd7 21. Rb4 Nc5
22. Kg1 Bf6 23. Bf2 Bg5 24. f4 Bf6 25. Bg4 Qd7 26. Ne3 Bxg4 27. Nxg4 Rxe1+ 28.
Bxe1 Qd8 29. Nxf6+ Nxf6 30. Bxh4 Qxa5 31. Rc4 Nh7 32. b4 Qa1+ 33. Nd1 Qa4 34.
Ne3 Qa1+ 35. Kh2 b5 36. Rc1 Qa4 37. bxc5 g5 38. Bf2 dxc5 39. d6 Rd8 40. Rxc5
Qxf4+ 41. Bg3 Qf6 42. Ng4 Qg6 43. d7 Qb6 44. Rxg5+ Nxg5 45. Qxg5+ Kf8 46. Nf6
1-0

[Event "DEM U16 2008"]
[Site "Willingen GER"]
[Date "2008.05.17"]
[Round "9"]
[White "Heimann, Andreas"]
[Black "Tkachuk, Konstantyn"]
[Result "0-1"]
[Termination "normal"]
[Board "2"]
[WhiteElo "2390"]
[BlackElo "2145"]
[PlyCount "138"]
[WhiteFideId "24624632"]
[BlackFideId "24647330"]
[EventCountry "GER"]
[EventRounds "9"]
[EventType "swiss"]
[EventDate "2008.05.10"]

1. d4 Nf6 2. c4 g6 3. Nc3 Bg7 4. g3 O-O 5. Bg2 d6 6. Nf3 c6 7. O-O Nbd7 8. e4
e5 9. h3 a6 10. Be3 h6 11. Qc2 Nh5 12. dxe5 dxe5 13. Rad1 Qe7 14. Qd2 Kh7 15.
Qd6 Qxd6 16. Rxd6 Nhf6 17. Rfd1 Re8 18. Ne1 Bf8 19. R6d2 Bc5 20. Bxc5 Nxc5 21.
Nd3 Nxd3 22. Rxd3 Be6 23. c5 Kg7 24. b3 Kf8 25. Kf1 Ke7 26. Ke2 Rad8 27. Na4
Rxd3 28. Rxd3 Nh5 29. Kd2 f5 30. exf5 gxf5 31. Nc3 Nf6 32. Ke2 Nd7 33. Na4 Kf6
34. Rd6 Ke7 35. Rd2 Kf6 36. Kd3 e4+ 37. Ke3 Ne5 38. Bf1 Nf3 39. Rd1 Ke5 40. Be2
Ng5 41. Bf1 Rf8 42. h4 Nf3 43. Rd6 Nh2 44. Bc4 Bxc4 45. bxc4 Ng4+ 46. Ke2 f4
47. Nb6 f3+ 48. Kf1 Rf7 49. Rg6 h5 50. Nc8 e3 51. Nd6 Rf8 52. Rg5+ Kd4 53. Nf5+
Rxf5 54. Rxf5 e2+ 55. Ke1 Ne5 56. Rf4+ Kc3 57. Rxf3+ Nxf3+ 58. Kxe2 Ne5 59. Ke3
Kxc4 60. Kf4 Nf7 61. Kf5 Kxc5 62. Kg6 Nh8+ 63. Kg7 Kd5 64. Kxh8 c5 65. Kg7 c4
66. f4 c3 67. f5 c2 68. f6 c1=Q 69. f7 Qc3+ 0-1

[Event "DEM U16 2008"]
[Site "Willingen GER"]
[Date "2008.05.17"]
[Round "9"]
[White "Schulz, Jens"]
[Black "Geske, Julian"]
[Result "1/2-1/2"]
[Termination "normal"]
[Board "3"]
[WhiteElo "1984"]
[BlackElo "2206"]
[PlyCount "99"]
[WhiteFideId "24675687"]
[BlackFideId "24605263"]
[EventCountry "GER"]
[EventRounds "9"]
[EventType "swiss"]
[EventDate "2008.05.10"]

1. e4 d5 2. exd5 Qxd5 3. Nc3 Qa5 4. d4 Nf6 5. Nf3 Nc6 6. Bb5 Ne4 7. a4 a6 8.
Bxc6+ bxc6 9. O-O Nxc3 10. bxc3 Bg4 11. Qd3 e6 12. Ne5 Bf5 13. Qc4 Qd5 14.
Qxc6+ Qxc6 15. Nxc6 Bxc2 16. Re1 Bb3 17. Na5 Bd5 18. Bd2 O-O-O 19. c4 Ba8 20.
Bc3 c5 21. Nb3 cxd4 22. Bxd4 Bb4 23. Red1 Rhe8 24. Bb6 Rd6 25. a5 e5 26. Rxd6
Bxd6 27. Nc5 Bxc5 28. Bxc5 Rd8 29. Bb6 Rd2 30. Rc1 Be4 31. h3 f6 32. c5 Kb7 33.
Re1 Bc6 34. f3 g5 35. Rf1 Bb5 36. Rf2 Rd1+ 37. Kh2 h5 38. Rb2 Kc6 39. Kg3 f5
40. Kh2 e4 41. fxe4 fxe4 42. Rf2 Kd5 43. c6 Bxc6 44. Rf5+ Kd6 45. Rxg5 Rd3 46.
Rg6+ Kd7 47. Rg7+ Kd6 48. Rg6+ Kd5 49. Rg5+ Kd6 50. Rg6+ 1/2-1/2

[Event "DEM U16 2008"]
[Site "Willingen GER"]
[Date "2008.05.17"]
[Round "9"]
[White "Friedrich, Ricardo"]
[Black "Strunski, Andreas"]
[Result "0-1"]
[Termination "normal"]
[Board "4"]
[WhiteElo "1914"]
[BlackElo "2271"]
[PlyCount "90"]
[WhiteFideId "24667170"]
[BlackFideId "24606073"]
[EventCountry "GER"]
[EventRounds "9"]
[EventType "swiss"]
[EventDate "2008.05.10"]

1. e4 e6 2. d4 d5 3. Nc3 Nf6 4. Bg5 dxe4 5. Nxe4 Be7 6. Bxf6 gxf6 7. Nf3 a6 8.
c3 b5 9. a4 b4 10. Bd3 Bb7 11. O-O Nd7 12. Re1 c5 13. Ng3 cxd4 14. Nxd4 Nc5 15.
Be2 bxc3 16. bxc3 Qc7 17. Bf3 Rd8 18. Bxb7 Qxb7 19. Qg4 Kf8 20. Qh5 h6 21. Rab1
Qc7 22. Qf3 Rg8 23. a5 Rg6 24. Rb6 Rd5 25. Reb1 Kg8 26. Rb8+ Kh7 27. Re8 f5 28.
Reb8 Bf6 29. Nge2 Be5 30. Rf8 Bxh2+ 31. Kh1 Bd6 32. Re8 Qd7 33. Ra8 Ne4 34. Rd1
Rxa5 35. c4 Qe7 36. Kg1 Ra2 37. Qb3 Qh4 38. g3 Ra3 39. Nxf5 exf5 40. Qb2 Raxg3+
41. fxg3 Rxg3+ 42. Nxg3 Qxg3+ 43. Qg2 Bc5+ 44. Kf1 Qf4+ 45. Ke2 Qe3+ 0-1